000 00656nam a2200205 u 4500
005 20240228063639.0
008 111010s2007 es r 000 0 spa d
020 _a9788496566484
035 _aUPN01000182117
049 _aI
050 4 _aPZ78
_bB5.67
100 1 _aBlanco Laserna, David,
_d1973-
_934387
245 1 0 _aNumeriverso :
_blas sumas que vinieron del espacio /
_cDavid Blanco Laserna ; il. Carlos Pinto.
260 _aMadrid :
_bNivola,
_c2007.
300 _a95 p. :
_bil.
440 0 _aMateaventuras ;
_v9.
_pDe 5 a 7 años
650 4 _aNUMEROS EN LA LITERATURA
_912996
650 4 _aLiteratura infantil española
_95892
905 _aInfantil
999 _c154220
_d154220